000 00564nam a22001697a 4500
005 20251108165239.0
008 250721s1994 xx 000 0 ara d
082 1 4 _a956.05/إبر
100 1 _aالعدوى، إبراهيم أحمد
245 1 0 _aالمسلمون و الجرمان :
_bالإسلام في غرب البحر المتوسط /
264 1 _aالقاهرة :
_bرياض الصالحين،
_c1994.
300 _a310ص
650 1 7 _aتاريخ الأندلس
650 1 7 _aالفتوحات الإسلامية
942 _2ddc
_cBK
999 _c23138
_d23138